Introduction to english law

Bibliographic Details
Main Author: James, Philip S. (Author)
Format: Book
Language:English
Published: London : Butterworth 1972
Edition:Eight edition
Subjects:

MARC

LEADER 00000cam a2200000 7i4500
001 0000027394
005 20240918.0
008 170228 -uk# eng
020 |a 0406604940 
040 |a INS   |b eng   |e rda 
090 0 0 |a RKD661   |b .J34 1972 
100 1 |a James, Philip S. ,   |e author 
245 1 0 |a Introduction to english law   |c Philip S. James 
250 |a Eight edition 
264 1 |a London :   |b Butterworth   |c 1972 
264 4 |a ©1972 
300 |a xxxv, 482 pages ;   |c 21 cm. 
336 |a text  |2 rdacontent 
337 |a unmediated  |2 rdamedia 
338 |a volume  |2 rdacarrier 
500 |a Includes index 
650 0 |a Law   |z Great Britain 
999 |a 0000024296   |b BOOK   |c Red Spot   |e Default branch